Trace elements in soils and plants (Record no. 40496)

MARC details
000 -LEADER
fixed length control field 00374nam a2200145Ia 4500
082 ## - DEWEY DECIMAL CLASSIFICATION NUMBER
Classification number 631.416.9
Item number KAB
100 ## - MAIN ENTRY--AUTHOR NAME
Personal name Kabata-Pendias, Alina
245 #0 - TITLE STATEMENT
Title Trace elements in soils and plants
250 ## - EDITION STATEMENT
Edition statement Ed.2
260 ## - PUBLICATION, DISTRIBUTION, ETC. (IMPRINT)
Place of publication Boca Raton
Name of publisher CRC
Year of publication 1992
650 ## - SUBJECT ADDED ENTRY--TOPICAL TERM
Topical Term Soil constituents
700 ## - ADDED ENTRY--PERSONAL NAME
Personal name Pendias, Henry K
942 ## - ADDED ENTRY ELEMENTS (KOHA)
Koha item type Books
Holdings
Withdrawn status Lost status Damaged status Not for loan Home library Current library Date acquired Cost, normal purchase price Full call number Accession Number Koha item type
        RRII Library RRII Library 16/12/2021 228.00 631.416.9 KAB 20795 Books